Statistics for European Capitals Containing Letter T

Click here to take the quiz!

General Stats

  • This quiz has been taken 213 times
  • The average score is 10 of 12

Answer Stats

Answer% Correct
Stockholm
97%
Athens
95%
Tallinn
94%
Amsterdam
92%
Vatican City
92%
Budapest
91%
Bucharest
91%
Bratislava
88%
Valletta
83%
Tirana
82%
Pristina
77%
Astana
12%

Score Distribution

Percentile by Number Answered

Percent of People with Each Score

Your Score History

You have not taken this quiz